000 00423nam a2200169 a 4500
001 0000-9226
003 ELIB.Books
008 110520 1979
035 _a(ELIB.Books)0000-9378
082 _a253.7
_bToo
100 _aTooley, Ross
245 _aWe cannot but Tell
260 _bWashington: Frontline Communications
_c1979
650 _aPreaching
942 _2ddc
_cBK
998 _cbat
_e2011-05-20
999 _c9226
_d9226